00814nam a2200193 a 450000100100000000500170001000800410002704000250006824501950009326000380028830000210032659000270034770000380037470000280041270000320044070000260047295201050049899900170060300004739820201002060522.0140610s2002 dr 000 0 spa d aDO-SdBNPbspacBNPHU00aII estudio :bmercado de edificaciones urbanas en República Dominicana, enero-febrero 2002 /cinvestigadores Elizabeth Pérez Pérez, Piedad Castillo, Henry Rincón Melo, Miryam Cuenca. aSanto Domingo :bFONDOVIP,c2002. a369 p. ;c28 cm. aInventariado, 2018/ YL12aPérez Pérez, Elizabeth97503712aCastillo, Piedad97503812aRincón Melo, Henry97503912aCuenca, Miryam975040 0010718PDaPDbPDcCTd2018-05-15iLF1l0o p47398-10r2020-06-25w2020-06-25yLFPDZNo se presta c46886d46886